00277nam a2200121Ia 4500008004100000041000900041082001700050100001600067245001700083260003900100300000800139650000800147230718s9999 xx 000 0 und d aEng. a34603bRAN-L aRanchhattas 0aLaw of tests aPakistanbManzoor book housec2004 a318 aLaw